British Panel Show Regulars by Picture - Statistics

General Stats
  • This quiz has been taken 37 times
  • The average score is 12 of 16
Answer Stats
Picture Hint Answer % Correct
QI, Taskmaster Alan Davies
88%
Have I Got News For You, QI Jo Brand
88%
Pointless, Richard Osmans House of Games Richard Osman
88%
Would I Lie To You, QI David Mitchell
85%
QI Bill Bailey
82%
Big Fat Quiz of the Year, Taskmaster Noel Fielding
82%
Would I Lie To You? Lee Mack
76%
Would I Lie To You? Rob Brydon
76%
Mock the Week, Taskmaster Hugh Dennis
73%
Mock the Week, Richard Osmans House of Games Nish Kumar
73%
8 out of 10 Cats, QI Sean Lock
73%
Hypothetical, Dave's One Night Stand James Acaster
70%
8 out of 10 cats, Big Fat Quiz of the Year Richard Ayoade
70%
Have I Got News For You Ian Hislop
55%
Have I Got News For You, Mock the Week Miles Jupp
52%
8 out of 10 Cats does Countdown, Taskmaster Joe Wilkinson
45%
No matching quizzes found
Score Distribution
Percent of People with Each Score
Percentile by Number Answered
Your Score History
You have not taken this quiz